000 00433nam a22001697a 4500
005 20180801142340.0
008 160513b xxu||||| |||| 00| 0 eng d
020 _a81-8318-119-8
041 _aeng
082 _b2117
_a658.3
100 _aC.B. Mamoria and S.V. Gankar
_94669
245 _aPersonnal Management
260 _aNew Delhi
_bHimalaya Publishing House,
_c2006
300 _a908p,
650 _aManagement
_9241
942 _cBK
999 _c772
_d772